Statistics for Who sang these songs about New York

Click here to take the quiz!

General Stats

  • This quiz has been taken 65 times
  • The average score is 6 of 15

Answer Stats

HintAnswer% Correct
New York New York (the original!)Frank Sinatra
92%
English Man In New YorkSting
63%
New York State of MindBilly Joel
61%
Walk on the Wild SideLou Reed
60%
Angel of HarlemU2
60%
Empire State of MindJay-Z with Alicia Keys
56%
Fairytale of New YorkThe Pogues Featuring Kirsty MacColl
48%
No Sleep Til BrooklynBeastie Boys
47%
The Only Living Boy in New YorkSimon and Garfunkel
27%
Welcome to New YorkTaylor Swift
15%
53rd and 3rdThe Ramones
15%
The RisingBruce Springstein
10%
New York, I Love You But You're Bringing Me DownLCD Soundsystem
6%
Subway TrainNew York Dolls
5%
All the Critics Love U in New YorkPrince
5%

Score Distribution

Percentile by Number Answered

Percent of People with Each Score

Your Score History

You have not taken this quiz